La política migratoria como factor de integración latinoamericana / Linda Yicón

Bewaard in:
Bibliografische gegevens
Hoofdauteur: Yicón Rincón, Linda Giseña
Formaat: Boek
Taal:Spanish
Tags: Voeg label toe
Geen labels, Wees de eerste die dit record labelt!

MARC

LEADER 00000nam a22000007a 4500
003 cru CIDCACS/IIS
005 20190208135158.0
007 ta
008 190207s2001 ve |||p|r||||||0| ||spa|d
999 |c 42168  |d 42168 
040 |c cru CIDCACS/IIS 
100 1 |9 8316  |a Yicón Rincón, Linda Giseña 
245 1 3 |a La política migratoria como factor de integración latinoamericana / Linda Yicón 
300 |a páginas 41-66:  |b tablas, gráficos 
773 0 |0 41855  |9 2645  |a Universidad del Zulia.  |d Venezuela: Universidad del Zulia; Centro Experimental de Estudios Latinoamericanos "Dr. Gastón Parra Luzardo",  |o 01860  |t Cuadernos Latinoamericanos /  |x 13154176 
942 |2 ddc  |c PP